| 000 | 01343nam a2200349Ia 4500 | ||
|---|---|---|---|
| 001 | ebr10054814 | ||
| 003 | CaPaEBR | ||
| 006 | m u | ||
| 007 | cr cn||||||||| | ||
| 008 | 000310s1999 enkab sb 001 0 eng d | ||
| 010 | _z 00503584 | ||
| 015 | _aGB98-V4273 | ||
| 020 | _z0203007611 | ||
| 020 | _z185728772X | ||
| 040 |
_aCaPaEBR _cCaPaEBR |
||
| 035 | _a(OCoLC)179162875 | ||
| 050 | 1 | 4 |
_aDA67 _b.B57 1999eb |
| 082 | 0 | 4 |
_a355/.00941/0903 _221 |
| 100 | 1 | _aBlack, Jeremy. | |
| 245 | 1 | 0 |
_aBritain as a military power, 1688-1815 _h[electronic resource] / _cJeremy Black. |
| 260 |
_aLondon : _bUCL Press, _c1999. |
||
| 300 |
_aviii, 332 p. : _bill., maps. |
||
| 504 | _aIncludes bibliographical references (p. 295-319) and index. | ||
| 533 |
_aElectronic reproduction. _bPalo Alto, Calif. : _cebrary, _d2009. _nAvailable via World Wide Web. _nAccess may be limited to ebrary affiliated libraries. |
||
| 650 | 0 | _aMilitary history. | |
| 651 | 0 |
_aGreat Britain _xHistory, Military _y18th century. |
|
| 651 | 0 |
_aGreat Britain _xHistory, Military _y19th century. |
|
| 651 | 0 |
_aGreat Britain _xHistory, Military _y1603-1714. |
|
| 655 | 7 |
_aElectronic books. _2local |
|
| 710 | 2 | _aebrary, Inc. | |
| 856 | 4 | 0 |
_uhttp://site.ebrary.com/lib/rucke/Doc?id=10054814 _zAn electronic book accessible through the World Wide Web; click to view |
| 999 |
_c166489 _d166489 |
||